ՀՀ Գիտությունների ազգային ակադեմիայի հիմնարար գիտական գրադարան  =   Fundamental Scientific Library of NAS RA

Հանդիսարան ուղղափառութեան հայոց եկեղեցւոյ / (Record no. 181003)

MARC details
000 -LEADER
fixed length control field 01164nam a2200205 a 4500
003 - CONTROL NUMBER IDENTIFIER
control field AM-YeHGA
005 - DATE AND TIME OF LATEST TRANSACTION
control field 20250618072628.0
008 - FIXED-LENGTH DATA ELEMENTS--GENERAL INFORMATION
fixed length control field 060602s1854 tu r 000 0 arm d
040 ## - CATALOGING SOURCE
Original cataloging agency AM-YeHGA
041 0# - LANGUAGE CODE
Language code of text/sound track or separate title arm
090 ## - LOCALLY ASSIGNED LC-TYPE CALL NUMBER (OCLC); LOCAL CALL NUMBER (RLIN)
-- 182454
100 0# - MAIN ENTRY--PERSONAL NAME
Personal name Մատթէոս,
Titles and words associated with a name Արքեպիսկոպոս
9 (RLIN) 5636
245 10 - TITLE STATEMENT
Title Հանդիսարան ուղղափառութեան հայոց եկեղեցւոյ /
Statement of responsibility, etc. Տէր Մատթէոս Արքեպիսկոպոս.
260 ## - PUBLICATION, DISTRIBUTION, ETC.
Place of publication, distribution, etc. Կոստանդնուպօլիս :
Name of publisher, distributor, etc. տպ. Երից եղբարց Արապեան.,
Date of publication, distribution, etc. 1854.
300 ## - PHYSICAL DESCRIPTION
Extent 495 էջ ;
Dimensions 18 սմ.
500 ## - GENERAL NOTE
General note Ի քահանայապետութեան Տ.Տ. Ներսեսի Սրբազան Կաթուղիիկոսի Ամենայն Հայոց : Ի Պատրիարգութեան Ս. Երուսաղէմի Տ. Յովհաննու Արքեպիսկոպոսի : Հրամանաւ Վեհափառ Պատրիարգի Կոստանդնուպօլսոյ Տ. Յակոբայ Արքեպիսկոպոսի
650 14 - SUBJECT ADDED ENTRY--TOPICAL TERM
Topical term or geographic name entry element Քրիստոնեական եկեղեցի
856 41 - ELECTRONIC LOCATION AND ACCESS
Uniform Resource Identifier <a href="http://greenstone.flib.sci.am/gsdl/collect/haygirq/book/handisaran_uxxaphar.pdf">http://greenstone.flib.sci.am/gsdl/collect/haygirq/book/handisaran_uxxaphar.pdf</a>
Link text Կարդալ առցանց
942 ## - ADDED ENTRY ELEMENTS (KOHA)
Source of classification or shelving scheme Universal Decimal Classification
Koha item type Գրքեր / Books
Holdings
Withdrawn status Lost status Source of classification or shelving scheme Damaged status Not for loan Collection Home library Current library Date acquired Total checkouts Full call number Barcode Date last seen Price effective from Koha item type Public note
    Universal Decimal Classification     Rare Books Collection Fundamental Scientific Library Fundamental Scientific Library 28/12/2016   A/459 FL0031352 28/12/2016 28/12/2016 Գրքեր / Books ILL Non-Circ.


ՀՀ ԳԱԱ հիմնարար գիտական գրադարան
ՀՀ,Երևան 0019
Մարշալ Բաղրամյան 24/6
հեռախոս:(374-10) 52-47-50
Հետադարձ կապ

All site content, except where otherwise noted, is licensed under a
Creative Commons License